000 00629nam a2200205 4500
001 148279
003 ES-MaACL
005 20250701021851.0
007 t|
008 070214s1974 sp r ||||1| spa d
020 _a84-7339-032-6
100 1 _aStarr, Chester G.
_9107938
245 1 0 _aHistoria del mundo antiguo /
_cChester G. Starr ; traducción de Esther Benítez.
260 _aMadrid :
_bAkal,
_c1974.
300 _a838 p., 16 lám. ;
_c24 cm.
700 1 _aBenítez, Esther,
_d1937-2001
_927600
852 _aES-MaACL
_jE-8146
_bR.92506
852 _aES-MaACL
_jL-11054
_bR.112814
999 _c148279
_d148279